Normal view MARC view

Entry Geographic Name

Number of records used in: 1

001 - CONTROL NUMBER

  • control field: 91283

003 - CONTROL NUMBER IDENTIFIER

  • control field: BDCtgAUW

005 - DATE AND TIME OF LATEST TRANSACTION

  • control field: 20260315164645.0

008 - FIXED-LENGTH DATA ELEMENTS

  • fixed length control field: 260315|| aca||aabn | a|a d

040 ## - CATALOGING SOURCE

  • Original cataloging agency: BDCtgAUW
  • Transcribing agency: BDCtgAUW

151 ## - HEADING--GEOGRAPHIC NAME

  • Geographic name: Mediterranean Region
  • General subdivision: History

670 ## - SOURCE DATA FOUND

  • Source citation: Work cat.: (BDCtgAUW)16351: Mansel, Philip Author 33555, Levant :, 2010.